000 01049cab a2200241 4500
001 ABS47165
008 090401t1992 xxu||||| |||| 00| 0 eng d
035 _a(Sirsi) u60960
041 _aeng
100 _aStewart, A.
245 _aPeace process
260 _c1992
350 _a0
490 _aBuilding
_v257(7765) 9 October 1992, 34-35; 257(7766) 16 Octo
520 _aSeries on how to resolve disputes. The first article discusses the recent talks between industries, clients and Government as a result of growing dissatisfaction in Government with delays, cost overruns and disputes since departments began using private firms in place of the PSA for building work. Subsequent articles bring together heads of opposing camps to find common ground.
650 _aMANAGEMENT-DISPUTE AVOIDANCE, MANAGEMENT AND RESOLUTION-DISPUTE MANAGEMENT AND RESOLUTION-ARBITRATION
650 _aCLAIMS
650 _aCONTRACTUAL DISPUTES
650 _aPROPERTY SERVICES AGENCY
690 _aBUILT ENVIRONMENT
942 _n0
948 _c04/03/1997
999 _c37693
_d37693